000 00371nam a2200145Ia 4500
008 151213s9999 xx 000 0 und d
020 _a984-512-336-8
100 _aA.K.M.Nurul Islam
245 _aTwo Centuries
_cA.K.M.Nurul Islam
260 _aDhaka
_bAsiatic Socitey
_c1991
300 _a7196 p.
650 _aReference
700 _aA.K.M.Nurul Islam
999 _c3834
_d3834